| 000 | 00000nam##2200000za#4500 |
| 001 | 9.575583 |
| 003 | CaOODSP |
| 005 | 20210624184732 |
| 007 | cr ||||||||||| |
| 008 | 150406|2008||||xxc|||||o f|0| 0 eng|d |
| 040 | |aCaOODSP|beng |
| 043 | |an-cn--- |
| 086 | 1 |aTU3-5/08-19E-PDF |
| 110 | 2 |aTransportation Safety Board of Canada. |
| 245 | 10|aRunway overrun - Jazz Air LP (Air Canada Jazz) de Havilland DHC-8-100 C-GTBP North Bay Jack Garland Airport, Ontario, 14 December 2008 |h[electronic resource] |
| 260 | |aGatineau - Quebec : |bTransportation Safety Board of Canada |c[2008]. |
| 300 | |a31p.|bfigs., graphs, references |
| 490 | 1 |aAviation investigation report |vA08O0333 |
| 590 | |a13-03-Supp|b2013-02-11 |
| 775 | 08|tSortie en bout de piste du De Havilland DHC-8-100 C-GTBP exploité par Jazz Air LP (Air Canada Jazz) à l'aéroport Jack Garland de North Bay (Ontario), le 14 décembre 2008 |w(CaOODSP)9.605081 |
| 830 | #0|aAviation investigation report ;|vA08O0333|w(CaOODSP)9.504825 |
| 856 | 40|ahttp://publications.gc.ca|qPDF|s1019 KB|uhttps://publications.gc.ca/collections/collection_2013/bst-tsb/TU3-5-08-19-eng.pdf|yA08O0333 |